Historical Figures- Who Killed Them? - Statistics

General Stats
  • This quiz has been taken 96 times
  • The average score is 12 of 17
Answer Stats
Hint Answer % Correct
John F. Kennedy Lee Harvey Oswald
92%
Abraham Lincoln John Wilkes Booth
91%
Julius Caesar Multiple conspirators
82%
Archduke Franz Ferdinand Gavrillo Princip
80%
Cleopatra Cleopatra
78%
Alexander Hamilton Aaron Burr
76%
John Lennon Mark David Chapman
76%
Ernest Hemingway Ernest Hemingway
75%
Erwin Rommel Erwin Rommel
68%
Mark Antony Mark Antony
67%
Lee Harvey Oswald Jack Ruby
66%
Martin Luther King Jr. James Earl Ray
63%
Robert F. Kennedy Sirhan Sirhan
62%
Mahatma Gandhi Nathuram Godse
61%
Aaron Burr None (stroke)
58%
Benito Mussolini Walter Audisio
47%
John Wilkes Booth Boston Corbett
45%
No matching quizzes found
Score Distribution
Percent of People with Each Score
Percentile by Number Answered
Your Score History
You have not taken this quiz